| 000 | 01103cad a22002295a 4500 | ||
|---|---|---|---|
| 001 | L157012 | ||
| 008 | 120813c2010 xxkq eng u | ||
| 035 | _a(Sirsi) u157012 | ||
| 041 | 0 | _aeng | |
| 110 | 2 |
_aKnight Frank _91530 |
|
| 245 | 0 | 0 |
_aRegional offices market update _h[electronic resource] |
| 260 |
_aLondon _bKnight Frank _c2010 |
||
| 362 | 0 | _aQ4 2010- | |
| 490 | 0 |
_aKnight Frank Regional Offices Market Update _vQ4 2010- |
|
| 520 | _aConcise overview of regional office markets featuring key highlights, office gossip, looking ahead, occupier demand, supply and rents, and investment market. Separate market updates are produced for Aberdeen, Birmingham, Bristol, Cardiff, Edinburgh, Glasgow, Leeds, Liverpool, Manchester, Newcastle, and Sheffield. | ||
| 554 | _aQuarterly | ||
| 650 | 2 | 4 | _aKNIGHT FRANK REGIONAL OFFICES MARKET UPDATE |
| 651 | 4 | _aUnited Kingdom | |
| 690 |
_aCommercial property _96227 |
||
| 856 | 4 | 0 |
_uhttps://my.knightfrank.com/research/?regionid=2 _zView the report (click on UK,commercial, office in the Refine Box, then on title) at my.knightfrank.com |
| 942 | _n0 | ||
| 999 |
_c119376 _d119376 |
||